| 000 | 00893nam a2200229 i 4500 | ||
|---|---|---|---|
| 001 | 100444 | ||
| 003 | ES-MaACL | ||
| 005 | 20250728030707.0 | ||
| 007 | t| | ||
| 008 | 050928s1979 sp ||||1| spa d | ||
| 100 | 1 |
_aMas y Gil, Luis. _978650 |
|
| 245 | 1 | 3 |
_aLa pesca de Alicante _b: (ensayo para su historia) / _cLuis Mas y Gil. |
| 260 |
_aAlicante : _bCaja de Ahorros Provincial, _c1979. |
||
| 300 |
_a173 p. con 3 lám. : _bil. ; _c22 cm. |
||
| 490 | 1 |
_aPublicaciones de la Caja de Ahorros Provincial de la Excama. Diputación de Alicante ; _v62 |
|
| 504 | _aBibliografía: p. 167-171. | ||
| 650 | 4 |
_aPesca- _zAlicante (Provincia)- _xHistoria. _9157733 |
|
| 710 | 2 |
_aCaja de Ahorros Provincial de Alicante. _92280 |
|
| 830 | 0 | 0 |
_aPublicaciones de la Caja de Ahorros Provincial de Alicante _v62 _9186986 |
| 852 |
_aES-MaACL _jA-10601 _bR.99848 |
||
| 999 |
_c100444 _d100444 |
||